000 00228 a2200097 4500
001 45144
100 _aHaddon J.D
245 _aAn introduction to aeronautical engg
260 _aLondon
_bIsaac Pitman
_c
090 _c28346
_d28346
942 _aNUST-CAE
_cM
_c20387
999 _c280217
_d280217